000 00716nam a2200133Ia 4500
008 100328s9999 xx 000 0 und d
082 _b11744
100 _aगोळेगावकर श्री.के.
245 _aतेच आव्हान-तीच माती ।(दिगंबरराव बिंदुंचे चरित्र )
260 _bकेसरी मुद्रणालय
630 _aतेच आव्हान-तीच माती ।(दिगंबरराव बिंदुंचे चरित्र )
730 _aतेच आव्हान-तीच माती ।(दिगंबरराव बिंदुंचे चरित्र )
942 _cBOOK
999 _c507055
_d507052